MARC

LEADER 00000nam0a2200000 4500
001 361378
005 20240515120853.0
035 |a (RuTPU)RU\TPU\retro\18704 
090 |a 361378 
100 |a 20210604d1884 m y0frey50 ba 
101 0 |a fre 
102 |a FR  |a BE  |a CH 
105 |a a j 000zy 
181 0 |b  e  
182 0 |a n 
183 0 |a nc  |2 RDAcarrier 
200 1 |a Traite elementaire des determinants  |e contenant 299 exercices  |f L. Leboulleux 
210 |a Paris  |c Ch. Delagrave  |a Bruxelles  |c Jules Decq  |a Geneva  |c Henri Stapelmohr  |d [1884] 
215 |a VII, 181, [2] p.  |c il. 
283 |a volume 
300 |a Раздельная пагинация страниц 
300 |a В описании используется грамматика 19 века 
316 |5 63413507: 11163  |a На обложке надпись: "В дар" 
317 |5 63413507: 11163  |a Поступил в НТБ в 1910 г. в дар от сына А. К. Жбиковского преподавателя ТТИ С. А. Жбиковского 
541 1 |a Элементарный трактат о детерминантах  |z rus 
606 1 |a Алгебра элементарная  |2 stltpush  |3 (RuTPU)RU\TPU\subj\21077  |9 46121 
610 1 |a Коллекция С. А. Жбиковского 
610 1 |a дарственные надписи 
610 1 |a дары библиотеке 
610 1 |a учебные пособия 
610 1 |a линейная алгебра 
610 1 |a детерминанты 
610 1 |a определители 
610 1 |a евклидово пространство 
610 1 |a матрицы 
610 1 |a линейные уравнения 
610 1 |a неизвестные величины 
610 1 |a инверсии 
610 1 |a теоремы 
610 1 |a формулы 
610 1 |a французский язык 
675 |a 512.1(07)  |v 4 
700 1 |a Leboulleux  |b L. 
801 1 |a RU  |b 63413507  |c 20210604 
801 2 |a RU  |b 63413507  |c 20231017  |g RCR 
942 |c BK